Τρείς αποδείξεις του θεμελιώδους θεωρήματος της άλγεβρας : πτυχιακή εργασία

Στην εργασία αυτή Θα παρουσιάσουμε τις τρείς αποδείξεις του Θεμελιώδους Θεωρήματος της ́Αλγεβρας,το οποίο δηλώνει ότι οποιοδήποτε μιγαδικό πολυώνυμο έχει τουλάχιστον μία μιγαδική θέση μηδενισμού. Η πρώτη απόδειξη οφείλεται στον Gauss και εντοπίζεται στην διασταύρωση της θεωρίας αριθμών και της θεωρί...

Πλήρης περιγραφή

Αποθηκεύτηκε σε:
Λεπτομέρειες βιβλιογραφικής εγγραφής
Κύριος συγγραφέας: Γραμμενοπούλου, Ελευθερία
Συγγραφή απο Οργανισμό/Αρχή: Πανεπιστήμιο Αιγαίου. Σχολή Θετικών Επιστημών. Τμήμα Μαθηματικών
Μορφή: Thesis Βιβλίο
Γλώσσα:Greek
Δημοσίευση: 2016.
Θέματα:
Διαθέσιμο Online:http://hdl.handle.net/11610/19636
Ετικέτες: Προσθήκη ετικέτας
Δεν υπάρχουν, Καταχωρήστε ετικέτα πρώτοι!

MARC

LEADER 00000cam a2200000 a 4500
001 1/112723
008 170119s2016####gr | ||| |||| ||gre||
040 |a GR-MyUa  |b gre  |c GR-MyUa  |e AACR2 
041 0 |a gre 
082 7 |a 512.942   |2 (23)  
100 1 |a Γραμμενοπούλου, Ελευθερία. 
245 1 0 |a Τρείς αποδείξεις του θεμελιώδους θεωρήματος της άλγεβρας :   |b πτυχιακή εργασία /   |c Ελευθερία Γραμμενοπούλου ; επιβλέπων καθηγητής Μιχάλης Ανούσης.  
260 |c 2016.  
300 |a 23 σ. ;   |c 30 εκ. 
500 |a Μέλη της εξεταστικής επιτροπής: Ανούσης Μιχαήλ, Παπασαλούρος Ανδρέας, Παπαλεξίου Νικόλαος.  
502 |a Πτυχιακή εργασία - Πανεπιστήμιο Αιγαίου, Σάμος, 2016.  
504 |a Βιβλιογραφία: σ. 23.  
506 1 |a Διάθεση πλήρους κειμένου ;   |d Ενδοπανεπιστημιακή δημοσίευση.  
520 8 |a Στην εργασία αυτή Θα παρουσιάσουμε τις τρείς αποδείξεις του Θεμελιώδους Θεωρήματος της ́Αλγεβρας,το οποίο δηλώνει ότι οποιοδήποτε μιγαδικό πολυώνυμο έχει τουλάχιστον μία μιγαδική θέση μηδενισμού. Η πρώτη απόδειξη οφείλεται στον Gauss και εντοπίζεται στην διασταύρωση της θεωρίας αριθμών και της θεωρίας εξισώσεων,αλλά και σε άλλες περιοχές των μαθηματικών. Ωστόσο η πρώτη απόδειξη είναι άμεση και εξαρτάται μόνο από ότι θεωρείται στοιχειώδη μαθηματικά. Η δεύτερη απόδειξη στηρίζεται στα μιγαδικά πολυώνυμα και είναι άμεση συνέπεια ενός γενικότερου θεωρήματος που ονομάζεται Θεώρημα του Liouville. Το συγκεκριμένο θεώρημα αποδεικνύει ότι μια ακέραια συνάρτηση φραγμένη στο μιγαδικό επίπεδο πρέπει να είναι σταθερή. Κατά συνέπεια θα αναφερθούμε αρχικά στους μιγαδικούς αριθμούς και στα μιγαδικά πολυώνυμα και στην συνέχεια θα παρουσιάσουμε την δεύτερη απόδειξη του θεμελιώδους Θεωρήματος της ́Αλγεβρας, η οποία βασίζεται στην Μιγαδική Ανάλυση και προκύπτει από το θεώρημα του Liouville. Επίσης, θα αναφερθούμε και στο θεώρημα του Cauchy, απαραίτητο για την απόδειξη του θεωρήματος του Liouville. Τέλος, η τρίτη απόδειξη εξαρτάται από το γεγονός ότι πραγματικά πολυώνυμα περιττού βαθμού έχουν πραγματικές θέσεις μηδενισμού και από το ότι, δοθέντος ενός ανάγωγου πολυωνύμου f (x) υπεράνω ενός σώματος F, είναι δυνατόν να κατασκευαστεί μια επέκταση σώματος Ε υπεράνω του F, ούτως ώστε το f (x) να έχει τουλάχιστον μία θέση μηδενισμού στο Ε . Ακόμη στηρίζεται σε τέσσερα βασικά λήμματα η απόδειξή της, που θα αναφέρουμε στην συνέχεια. Ο Gauss είναι αυτός που δημοσίευσε την πρώτη απόδειξη του Θεμελιώδους Θεωρήματος της ́Αλγεβρας το 1799. Η δυνατότητα επίλυσης εξισώσεων δευτέρου βαθμού και ο τύπος επίλυσης τους ήταν γνωστός στους Βαβυλώνιους περί τα 3600 χρόνια νωρίτερα.  
540 |a Κλειδωμένη η δυνατότητα αντιγραφής (copy) κειμένου.  
650 0 |a Fundamental theorem of algebra. 
650 0 |a Dissertations, Academic  |z Greece. 
700 1 |a Ανούσης, Μιχάλης,  |e dgs 
710 2 |a Πανεπιστήμιο Αιγαίου.   |b Σχολή Θετικών Επιστημών.   |b Τμήμα Μαθηματικών. 
852 |a INST  |b SAMOS  |c DIATR  |e 20170119  |h 512.942 ΓΡΑ  |p 005300044186  |q 005300044186  |t DIE  |y 23 
856 |u http://hdl.handle.net/11610/19636 
924 |a Γραμμενοπούλου  |b Ελευθερία  |y Σάμος  |z 2016-10 
970 |a Κοσιέρης  |b Χρήστος  |z 19-01-2017